000 00601nam a22001817a 4500
003 OSt
005 20210501120825.0
008 210215s1988 ||||| |||| 00| 0 eng d
040 _aeng
_beng
_cDLC
041 _aeng
080 _a659.3
_bT-33
245 _aTelephone Directory: Washington, Georgia
_b: Crawfordville, Lincolnton, Metasville, Rayle, Tignall
_c/ by: Wilkes Telephone and Electric Company
260 _aWashington, Georgia
_bWilkes Telephone and Electric Company
_c1988
300 _a64 p.
_bill.
650 0 _9746
_aInformation
653 _aინფორმაცია
942 _2udc
_cBK
999 _c1397
_d1397